[Event "Pan American Intercollegiate-chT"]
[Site "Kenner"]
[Date "2016.12.27"]
[Round "1.1"]
[White "Chen, Justin L"]
[Black "Robson, Ray"]
[Result "0-1"]
[WhiteElo "1885"]
[BlackElo "2675"]
[PlyCount "96"]
[EventDate "2016.12.27"]
[EventType "team-swiss"]
[EventRounds "6"]
[EventCountry "USA"]
[SourceTitle "CBM 176 Extra"]
[Source "ChessBase"]
[SourceDate "2017.03.02"]
[SourceVersion "1"]
[SourceVersionDate "2017.03.02"]
[SourceQuality "1"]
[WhiteTeam "Michigan Univ II"]
[BlackTeam "Webster Univ"]
[WhiteTeamCountry "USA"]
[BlackTeamCountry "USA"]

1. d4 Nf6 2. c4 g6 3. Nc3 d5 4. cxd5 Nxd5 5. e4 Nxc3 6. bxc3 Bg7 7. Bc4 c5 8. Ne2 0-0 9. 0-0 Nc6 10. Be3 Qc7 11. Rc1 Rd8 12. a4 Na5 13. Bd3 b6 14. Bf4 Qd7 15. Be3 Qe8 16. Bb5 Bd7 17. Rb1 Rac8 18. d5 e6 19. Bg5 Bxb5 20. axb5 Rd7 21. Qd3 exd5 22. exd5 Qe5 23. f4 Qxd5 24. Qxd5 Rxd5 25. Rbd1 Rxd1 26. Rxd1 Nc4 27. Rd7 h6 28. Bh4 Ra8 29. Rd3 Na3 30. Be1 Nxb5 31. c4 Nd4 32. Nxd4 Bxd4+ 33. Bf2 Bxf2+ 34. Kxf2 Re8 35. Kf3 Re1 36. Ra3 Rc1 37. Rxa7 Rxc4 38. Rb7 Rb4 39. Kg4 Kg7 40. h4 h5+ 41. Kf3 b5 42. Ke3 Rb2 43. Ke4 b4 44. Rb5 Rxg2 45. Rxc5 Rg4 46. Rb5 Rxh4 47. Rxb4 g5 48. Kf5 Rxf4+ 0-1

[Event "Michigan op-ch"]
[Site "Cadillac"]
[Date "2011.09.04"]
[Round "4"]
[White "Chen, Justin L"]
[Black "Chen, Michael"]
[Result "0-1"]
[WhiteElo "1954"]
[BlackElo "2085"]
[PlyCount "104"]
[EventDate "2011.09.02"]
[EventType "swiss"]
[EventRounds "7"]
[EventCountry "USA"]
[SourceTitle "EXT 2015"]
[Source "ChessBase"]
[SourceDate "2014.11.20"]
[SourceVersion "1"]
[SourceVersionDate "2014.11.20"]
[SourceQuality "1"]

1. d4 Nf6 2. c4 e6 3. Nc3 Bb4 4. Qc2 0-0 5. a3 Bxc3+ 6. Qxc3 d5 7. Bg5 dxc4 8. e3 h6 9. Bh4 Nbd7 10. Bxc4 c6 11. Nf3 b5 12. Bd3 Qb6 13. 0-0 Bb7 14. b4 Nd5 15. Qd2 a5 16. e4 N5f6 17. Bc2 Ra6 18. Qd3 g6 19. Bxf6 Nxf6 20. e5 Nd5 21. bxa5 Rxa5 22. h4 Kg7 23. h5 c5 24. hxg6 Nf4 25. Qe3 fxg6 26. Be4 cxd4 27. Qe1 Bxe4 28. Qxe4 d3 29. g3 Ra4 30. Qe3 Ne2+ 31. Kg2 Qxe3 32. fxe3 Rg4 33. Nd4 Nxd4 34. exd4 Rxf1 35. Rxf1 Rxd4 36. Rd1 d2 37. Kf2 Rd5 38. Kf3 h5 39. Ke3 Rxe5+ 40. Kxd2 Rd5+ 41. Ke2 Rxd1 42. Kxd1 g5 43. Ke2 Kf6 44. Kf3 Kf5 45. Ke3 h4 46. gxh4 gxh4 47. Kf3 e5 48. Ke3 e4 49. Ke2 h3 50. Kf2 Kf4 51. Kg1 Kg3 52. Kh1 h2 0-1